Nový koncept bývania pre študentov, Žilina

Salvato in:
Dettagli Bibliografici
Autore principale: Kozáková, Barbora (Autore)
Altri autori: Selcová, Ľubica (Relatore della tesi)
Natura: Manoscritto Libro
Lingua:slovacco
Pubblicazione: 2025
Soggetti:
Accesso online:http://is.stuba.sk/zp/portal_zp.pl?podrobnosti=185757
Tags: Aggiungi Tag
Nessun Tag, puoi essere il primo ad aggiungerne!!

MARC

LEADER 00000ntm a22000003a 4500
001 stuzp104707
003 SK-STU
005 20250607210728.8
007 ta
008 150427s2015----xo-----f-mn---000-0-slo-d
040 |a STU  |b slo 
041 0 |a slo 
100 1 |a Kozáková, Barbora  |u 051110  |4 aut  |U FAD Fakulta architektúry a dizajnu  |T FAD Ústav architektúry obytných budov  |X 103603  |U A1110  |Y 392  |7 103603 
242 0 1 |a NEW HOUSING CONCEPT FOR STUDENTS, ŽILINA  |y eng 
245 1 0 |a Nový koncept bývania pre študentov, Žilina 
260 |c 2025 
650 4 |a shared social space  |2 eng 
650 4 |a community  |2 eng 
650 4 |a student housing  |2 eng 
650 4 |a študentský domov  |2 slo 
650 4 |a spoločenský priestor  |2 slo 
650 4 |a komunita  |2 slo 
700 1 |a Selcová, Ľubica  |u 051110  |k Z1  |4 ths  |U FAD Fakulta architektúry a dizajnu  |T FAD Ústav architektúry obytných budov  |X 4198  |U A1110  |Y 392  |7 A000004198 
856 4 |u http://is.stuba.sk/zp/portal_zp.pl?podrobnosti=185757